000
00314nam a22001337a 4500
008
171123b xxu||||| |||| 00| 0 eng d
020
_a
9788392201021
041
_a
eng
080
_a
617
100
_a
8
101
_a
OFT
245
_a
POLE TO POLE OPTICAL COHERENCE TOMOGRAPHY
_c
EDWARD.W
942
_2
udc
_c
BK
999
_c
38325
_d
38325